Giáo dục công dân 11
Sách trình bày vai trò của công dân đối với sự phát triển của đất nước thông qua các vấn đề kinh tế, chính trị - xã hội.
保存先:
| 第一著者: | |
|---|---|
| フォーマット: | 図書 |
| 言語: | Undetermined |
| 出版事項: |
Hà Nội
Giáo dục Việt Nam
2020
|
| 主題: | |
| タグ: |
タグ追加
タグなし, このレコードへの初めてのタグを付けませんか!
|
| Thư viện lưu trữ: | Trung tâm Học liệu Trường Đại học Cần Thơ |
|---|
| LEADER | 00815nam a2200205Ia 4500 | ||
|---|---|---|---|
| 001 | CTU_236680 | ||
| 008 | 210402s9999 xx 000 0 und d | ||
| 020 | |c 7000 | ||
| 082 | |a 370.1150712 | ||
| 082 | |b B312 | ||
| 100 | |a Mai, Văn Bính | ||
| 245 | 0 | |a Giáo dục công dân 11 | |
| 245 | 0 | |c Mai Văn Bính (Tổng chủ biên) | |
| 260 | |a Hà Nội | ||
| 260 | |b Giáo dục Việt Nam | ||
| 260 | |c 2020 | ||
| 520 | |a Sách trình bày vai trò của công dân đối với sự phát triển của đất nước thông qua các vấn đề kinh tế, chính trị - xã hội. | ||
| 650 | |a Education,Giáo dục học,Đạo đức và xã hội,Morality and society | ||
| 904 | |i Hải | ||
| 980 | |a Trung tâm Học liệu Trường Đại học Cần Thơ | ||